000 00620nam a2200193 a 4500
001 000036469
005 20200930075740.0
008 120118s1996 sp 000 0 spa d
020 _a8472452468
040 _aDO-SdBNP
_bspa
_cBNPHU
082 _axxxx
_bxxxx
100 1 _aDeshimaru, Taisen
_962688
245 1 0 _aPreguntas a un maestro Zen /
_cTaisen Deshimaru ; traducción Dokushô Villalba.
250 _a5a ed.
260 _aBarcelona, :
_bKairós,
_c1996.
300 _a151 p. ;
_c20 cm.
504 _aIncluye referencias bibliográficas y notas al pie de las páginas
700 1 _aVillalba, Dokushô,
_etr.
_962689
999 _c35960
_d35960